书目信息 |
| 题名: |
社会调查研究指导手册
|
|
| 作者: | 刘颖 编 | |
| 分册: | ||
| 出版信息: | 上海 上海科技教育出版社 2018.10 |
|
| 页数: | 152页 | |
| 开本: | 26cm | |
| 丛书名: | ||
| 单 册: | ||
| 中图分类: | G634.201 | |
| 科图分类: | ||
| 主题词: | 社会调查--调查方法--高中--教材 | |
| 电子资源: | ||
| ISBN: | 978-7-5428-6726-1 | |
| 000 | 00766nam0 2200229 450 | |
| 001 | 0103152709 | |
| 005 | 20201103152734.0 | |
| 010 | @a978-7-5428-6726-1@dCNY28.00 | |
| 100 | @a20190508d2018 em y0chiy50 ea | |
| 101 | 0 | @achi |
| 102 | @aCN@b310000 | |
| 105 | @aa z 000yy | |
| 106 | @ar | |
| 200 | 1 | @a社会调查研究指导手册@Ashe hui diao cha yan jiu zhi dao shou ce@f刘颖编 |
| 210 | @a上海@c上海科技教育出版社@d2018.10 | |
| 215 | @a152页@c照片, 图@d26cm | |
| 330 | @a本书共分四个部分,分别为社会调查研究的基本素养、社会调查研究的工具、社会调查研究的过程、社会调查研究的优秀案例。 | |
| 606 | 0 | @a社会调查@x调查方法@x高中@j教材 |
| 690 | @aG634.201@v5 | |
| 701 | 0 | @a刘颖@Aliu ying@4编 |
| 801 | 0 | @aCN@bBJSZM@c20201103 |
| 905 | @b1258926-30@dG634.201@e1793@f5 | |
| 社会调查研究指导手册/刘颖编.-上海:上海科技教育出版社,2018.10 |
| 152页:照片, 图;26cm |
| ISBN 978-7-5428-6726-1:CNY28.00 |
| 本书共分四个部分,分别为社会调查研究的基本素养、社会调查研究的工具、社会调查研究的过程、社会调查研究的优秀案例。 |
| ● |
| 相关链接 |
|
|
|
|
正题名:社会调查研究指导手册
索取号:G634.201/1793
 
预约/预借
| 序号 | 登录号 | 条形码 | 馆藏地/架位号 | 状态 | 备注 |
| 1 | 1258926 | 212589260 | 第一样本阅览室/ [索取号:G634.201/1793] | 在馆 | |
| 2 | 1258927 | 212589279 | 教育系资料室/ [索取号:G634.201/1793] | 在馆 | |
| 3 | 1258928 | 212589288 | 教育系资料室/ [索取号:G634.201/1793] | 在馆 | |
| 4 | 1258929 | 212589297 | 第四借阅区/ [索取号:G634.201/1793] | 在馆 | |
| 5 | 1258930 | 212589304 | 第四借阅区/ [索取号:G634.201/1793] | 在馆 |